| 000 | 00470nam a22001697a 4500 | ||
|---|---|---|---|
| 005 | 20240724105605.0 | ||
| 008 | 240724b |||||||| |||| 00| 0 eng d | ||
| 020 | _a9780470900215 | ||
| 082 |
_a006.696 _bDER-I |
||
| 100 | _aDerakhshani, Dariush | ||
| 245 |
_aIntroducing autodesk maya 2012 / _bDariush Derakhshani, |
||
| 260 |
_ausa: _bwiley; _c2011. |
||
| 300 |
_axiv,618 p. : _bill; _c24 cm. |
||
| 500 | _ainclude index. | ||
| 650 | _aGraphic design | ||
| 999 |
_c36204 _d36204 |
||